| 000 | 00512cam a22001337a 4500 | ||
|---|---|---|---|
| 008 | 180718b1981 xxu||||| |||| 00| 0 eng d | ||
| 082 | _aB704x4 C831 | ||
| 100 | _aCommittee of Experts on local and Regional Finance | ||
| 245 |
_aLocal authority financial planning techniques and budgetary processes _cby Committee of Experts on local and Regional Finance |
||
| 260 |
_aStrasbourg _b _c1981 |
||
| 300 | _a58p. | ||
| 440 | _aLocal and Regional Authorities in Europe study no.25 | ||
| 650 | _aCities And Towns - Growth | ||
| 999 |
_c416199 _d416199 |
||